000 00507nam a2200181Ia 4500
005 20250508163100.0
008 008 250505s9999 xx 000 0 eng d
037 _aTextual
040 _aFEDL
_beng
_cFEDL
041 _aeng
_2eng
084 _a822.09, BHA
_qFEDL
100 _aBhatnagar L K
_960356
245 0 _aJohn masefield : The poetic dramatist
260 _aMeerut India
_bShalabh Book House
_c1983
300 _a165p.
942 _cTEXL
_h822.09, BHA
999 _c1380712
_d1380712